Reduction of Turbidity From Synthetic Water Using Natural Seeds (Thesis ME) (Record no. 69094)

MARC details
000 -LEADER
fixed length control field 00407nam a22001217a 4500
100 ## - MAIN ENTRY--AUTHOR NAME
Personal name Nimrah Manzoor
-- 21-MEEE-09
-- Supervisor - Dr. Abdul Rehman Jatoi
245 ## - TITLE STATEMENT
Title Reduction of Turbidity From Synthetic Water Using Natural Seeds (Thesis ME)
260 ## - PUBLICATION, DISTRIBUTION, ETC. (IMPRINT)
Place of publication Nawabshah
Name of publisher QUEST
Year of publication 2025
300 ## - PHYSICAL DESCRIPTION
Number of Pages 80p.
700 ## - ADDED ENTRY--PERSONAL NAME
Personal name Department of Environment Engineering
942 ## - ADDED ENTRY ELEMENTS (KOHA)
Koha item type Thesis and Dissertation
Holdings
Withdrawn status Lost status Home library Current library Date acquired Accession Number Koha item type
    Research Section Research Section 29/06/2026 MP/104-1565 Thesis and Dissertation
    Research Section Research Section 29/06/2026 MP/104-1566 Thesis and Dissertation